| 000 | 00896cam a2200241 4500 | ||
|---|---|---|---|
| 001 | J118223 | ||
| 008 | 020529n2001 000 0 eng u | ||
| 035 | _a(Sirsi) u118223 | ||
| 050 | _a711.1 | ||
| 110 |
_aUrban Design Skills Working Group _94251 |
||
| 245 | _aUrban Design Skills Working Group : report to the minister for housing, planning and regeneration, DTLR | ||
| 260 |
_aLondon _bCABE _c2001 |
||
| 350 | _a0 | ||
| 520 | _aReports on progress on the Urban Design Skills Working Group objectives to promote a multi-disciplinary approach to training in urban design and to consider how local authorities might be encouraged to promote better urban design in their areas. | ||
| 650 | _aARCHITECTURE | ||
| 650 | _aDESIGN | ||
| 650 | _aLOCAL AUTHORITIES | ||
| 650 | _aLOCAL GOVERNMENT | ||
| 650 | _aTOWN PLANNING | ||
| 650 | _aURBAN DESIGN | ||
| 650 | _aPLANNING | ||
| 942 | _n0 | ||
| 999 |
_c102117 _d102117 |
||